LEADER 01053nlm0 22003131i 450 001 990009801440403321 005 20131212110004.0 010 $a9781444392364$bonline 035 $a000980144 035 $aFED01000980144 035 $a(Aleph)000980144FED01 035 $a000980144 100 $a20131212d2011----km-y0itay0103----ba 101 0 $aeng 135 $adrnn-008mamaa 200 1 $aManaging the professional practice in the built environment$bRisorsa elettronica$fedited by Hedley Smyth 210 $aChichester, West Sussex ; Ames, Iowa$cWiley-Blackwell$d2011 230 $aDocumento elettronico 336 $aTesto 337 $aFormato pdf 676 $a624.068 702 1$aSmyth,$bHedley 801 0$aIT$bUNINA$gREICAT$2UNIMARC 856 4 $zFull text per gli utenti Federico II$uhttp://onlinelibrary.wiley.com/book/10.1002/9781444392364 901 $aEB 912 $a990009801440403321 961 $aConstruction industry$aManagement 996 $aManaging the professional practice in the built environment$9837160 997 $aUNINA LEADER 02795 am 2200601 n 450 001 9910495847903321 005 20240104030512.0 010 $a2-35671-459-6 024 7 $a10.4000/books.pressesmines.2462 035 $a(CKB)3710000000982044 035 $a(FrMaCLE)OB-pressesmines-2462 035 $a(PPN)198368437 035 $a(EXLCZ)993710000000982044 100 $a20161208j|||||||| ||| 0 101 0 $afre 135 $auu||||||m|||| 200 03$aLe phénomène « pro-ana »$eTroubles alimentaires et réseaux sociaux$fAntonio A. Casilli, Paola Tubaro 210 $aParis$cPresses des Mines$d2016 215 $a1 online resource (208 p.) 311 $a2-35671-385-9 330 $aLes sites web dits « pro-ana », lieux de rencontres pour des personnes atteintes d?anorexie ou d?autres troubles alimentaires, sont accusés d?encourager à la maigreur extrême. Mais leurs auteurs, commentateurs et lecteurs ont longtemps échappé au regard, si bien que leurs motivations et interactions restaient opaques. Ce livre lève le voile sur ces internautes et leurs réseaux sociaux. Et si le « pro-ana » était moins un effet indésirable de la parole libérée sur internet que le symptôme des transformations actuelles de notre manière de vivre la santé ? Face aux coupes dans les dépenses de santé publique, les patients sont confrontés à l?injonction d?être actifs, informés, équipés. Mais la pression sociale qui en dérive peut engendrer des comportements paradoxaux et des prises de risque. L?étude que relate ce livre défie les idées reçues : en ligne, la valorisation de la maigreur est loin de faire l?unanimité, alors que se forment des réseaux d?entraide et d?information, visant à contrer l?isolement et à pallier les manques ressentis du système de soins. 606 $aSociology & Anthropology 606 $apro-ana 606 $asanté 606 $ascience du comportement 606 $amédecine 606 $aanorexie 606 $aboulimie 606 $amaigreur 606 $atroubles alimentaires 606 $apouvoirs publics 606 $apatients 606 $ablogs 615 4$aSociology & Anthropology 615 4$apro-ana 615 4$asanté 615 4$ascience du comportement 615 4$amédecine 615 4$aanorexie 615 4$aboulimie 615 4$amaigreur 615 4$atroubles alimentaires 615 4$apouvoirs publics 615 4$apatients 615 4$ablogs 700 $aCasilli$b Antonio A$0539423 701 $aTubaro$b Paola$0507588 701 $aMéadel$b Cécile$01288325 801 0$bFR-FrMaCLE 906 $aBOOK 912 $a9910495847903321 996 $aLe phénomène « pro-ana »$93658671 997 $aUNINA LEADER 03743nam 22007453 450 001 9910777993503321 005 20230721021503.0 010 $a9780822388937$bebook 010 $a0822388936$bebook 010 $z9780822342120$bcloth : alkaline paper 010 $z9780822342304$bpaperback : alkaline paper 010 $z0822342308$bpaperback 010 $z082234212X$bpaperback 024 7 $a10.1515/9780822388937 035 $a(CKB)1000000000757433 035 $a(EBL)1169905 035 $a(OCoLC)607765654 035 $a(SSID)ssj0000390638 035 $a(PQKBManifestationID)12101928 035 $a(PQKBTitleCode)TC0000390638 035 $a(PQKBWorkID)10451330 035 $a(PQKB)11032614 035 $a(MiAaPQ)EBC1169905 035 $a(DE-B1597)553625 035 $a(DE-B1597)9780822388937 035 $a(OCoLC)1162842344 035 $a(EXLCZ)991000000000757433 100 $a20131216d2008 uy 0 101 0 $aeng 135 $aur|n#---||||| 181 $ctxt$2rdacontent 182 $cc$2rdamedia 183 $acr$2rdacarrier 200 10$aPostsocialism and cultural politics $eChina in the last decade of the Twentieth Century /$fXudong Zhang 210 1$aDurham :$cDuke University Press,$d2008. 215 $a1 online resource (x, 346 pages) 225 1 $aPost-Contemporary Interventions 300 $aDescription based upon print version of record. 320 $aContains bibliographical references (pages 331-340) and index. 327 $aPart I: Intellectual Discourse: National and Global Determinations -- One. The return of the political: the making of the post-Tiananmen intellectual field -- Two. Nationalism, Mass Culture, and Intellectual Strategies in the 1990s -- Three. Postmodernism and Postsocialist society: cultural politics after the "New Era"; Part II: Literary discourse: narrative possibilities of postsocialism -- Four. Shanghai nostalgia: mourning and allegory in Wang Anyi's literary production in the 1990s 327 $aFive. Toward a critical iconography: Shanghai, "minor literature," and the unmaking of a modern Chinese mythology -- Six. "Demonic realism" and the "socialist market economy": language game, natural history, and social allegory in Mo Yan's The Republic of wine; Part III: Cinematic discourse: universality, singularity, and the everyday World -- Seven. National trauma, global allegory: construction of collective memory in Tian Zhuangzhuang's the blue kite -- Eight. Narrative, culture, and legitimacy: repetition and singularity in Zhang Yimou's the story of Qiu Ju. 330 $aA sequel to Zhang's Chinese Modernism, it discusses crucial issues in China in the 1990s including nationalism, neo-liberalism, postmodernism, nostalgia, revisionism and the intellectual formulations and cultural politics. 410 0$aPost-Contemporary Interventions 606 $aPolitics and culture$xPolitical aspects$zChina 606 $aChinese literature$xPolitical aspects$zChina 606 $aMotion pictures$zChina 606 $aPostmodernism$zChina 606 $aPost-communism 615 0$aPolitics and culture$xPolitical aspects 615 0$aChinese literature$xPolitical aspects 615 0$aMotion pictures 615 0$aPostmodernism 615 0$aPost-communism 676 $a951.05/9 700 $aZhang$b Xudong$0646592 702 $aFish$b Stanley, $4edt$4http://id.loc.gov/vocabulary/relators/edt 702 $aJameson$b Fredric, $4edt$4http://id.loc.gov/vocabulary/relators/edt 801 0$bAU-PeEL 801 1$bAU-PeEL 801 2$bAU-PeEL 801 2$bAuAdUSA 906 $aBOOK 912 $a9910777993503321 996 $aPostsocialism and cultural politics$93815362 997 $aUNINA